Modelování rozvoje výrobních systému

Salvato in:
Dettagli Bibliografici
Autore principale: Záruba, Petr
Natura: Libro
Lingua:ceco
Pubblicazione: Praha Státní nakladatelství technické literatury 1989
Tags: Aggiungi Tag
Nessun Tag, puoi essere il primo ad aggiungerne!!

MARC

LEADER 00000nam a2200000 4500
001 c028781
005 20250519122349.0
041 0 |a cze 
044 |a CZ 
245 1 0 |a Modelování rozvoje výrobních systému  |c Petr Záruba 
264 1 |a Praha  |b Státní nakladatelství technické literatury  |c 1989 
300 |a 221 s. 
100 1 |a Záruba, Petr